| 000 | 00551nam a2200205Ia 4500 | ||
|---|---|---|---|
| 003 | OSt | ||
| 005 | 20250108111024.0 | ||
| 008 | 210210b1951 xxu||||| |||| 00| 0 eng d | ||
| 040 | _cAL | ||
| 041 | _aKannada | ||
| 082 | _a859/848 | ||
| 100 |
_aDEVUDU _9135814 _d ದೇವುಡು |
||
| 245 |
_aDeshantarada kathegalu _bದೇಶಾಂತರದ ಕಥೆಗಳು |
||
| 260 |
_aBengaluru _b- _c1951 |
||
| 650 |
_akathegalu _9135815 |
||
| 650 |
_aDeshantarada _9135816 |
||
| 690 |
_aKannada Fiction _9135817 |
||
| 906 | _a021607 | ||
| 942 |
_2ddc _cBK |
||
| 999 |
_c145695 _d145695 |
||